[Event "XXIV Open Eporediese"]
[Site "Ivrea ITA"]
[Date "2007.01.25"]
[Round "2"]
[White "Crosa, Federico"]
[Black "Castaldo, Antonio"]
[Result "1-0"]
[WhiteElo "1320"]
[BlackElo "1550"]
[PlyCount "45"]
[EventDate "2007.01.18"]

1. e4 d6 2. d4 Nf6 3. Nc3 g6 4. Nf3 Bg7 5. Bc4 O-O 6. O-O c6 7. Bg5 b5 8. Bd3
Nbd7 9. Qd2 e5 10. dxe5 dxe5 11. Bh6 Qc7 12. Bxg7 Kxg7 13. Qg5 Nc5 14. Qxe5 Qb6
15. Qg5 Ne6 16. Qh4 Nd4 17. Ng5 h6 18. e5 Ng4 19. Nge4 Nxe5 20. Qf6+ Kg8 21.
Qxe5 f5 22. Nf6+ Kf7 23. Nh7 1-0

[Event "XXIV Open Eporediese"]
[Site "Ivrea ITA"]
[Date "2007.01.25"]
[Round "2"]
[White "Paonessa, Denis"]
[Black "Giachino, Adriano"]
[Result "1-0"]
[WhiteElo "1817"]
[BlackElo "1586"]
[PlyCount "57"]
[EventDate "2007.01.18"]

1. d4 Nf6 2. Bg5 d5 3. Bxf6 exf6 4. e3 g6 5. Ne2 Bg7 6. Nf4 c6 7. Bd3 O-O 8.
Qf3 Re8 9. h4 Qb6 10. Kd2 c5 11. dxc5 Qxc5 12. Nxd5 f5 13. Nbc3 Nc6 14. h5 Ne5
15. Qe2 Be6 16. Nf4 Bc4 17. hxg6 Bxd3 18. gxf7+ Nxf7 19. Nxd3 Rad8 20. Qh5 Bh6
21. Rh3 b5 22. g4 Rd6 23. Qxf5 Re5 24. Qf3 b4 25. Ne4 Rxd3+ 26. cxd3 Qd4 27.
Rb1 Ng5 28. Nf6+ Kg7 29. Nh5+ 1-0

[Event "XXIV Open Eporediese"]
[Site "Ivrea ITA"]
[Date "2007.01.25"]
[Round "2"]
[White "Perrone, Davide"]
[Black "Caresana, Alessandro"]
[Result "0-1"]
[WhiteElo "1512"]
[BlackElo "1996"]
[PlyCount "58"]
[EventDate "2007.01.18"]

1. e4 c5 2. Nf3 e6 3. Nc3 Nc6 4. d4 cxd4 5. Nxd4 Nf6 6. Bb5 Bb4 7. Bd2 Nxd4 8.
Bd3 O-O 9. f3 Bxc3 10. Bxc3 e5 11. g4 d5 12. Bxd4 dxe4 13. Bc5 exd3 14. Bxf8
Qxf8 15. Qxd3 e4 16. fxe4 Bxg4 17. Rg1 Rd8 18. Qb3 Qd6 19. Rg2 Nxe4 20. Qd3
Qb4+ 21. c3 Rxd3 22. cxb4 Re3+ 23. Kf1 Bh3 24. Rc1 g6 25. Rc7 Bxg2+ 26. Kxg2
Re2+ 27. Kf3 Rxb2 28. Kxe4 Rxb4+ 29. Ke5 Kg7 0-1

[Event "XXIV Open Eporediese"]
[Site "Ivrea ITA"]
[Date "2007.01.25"]
[Round "2"]
[White "Razzano, Lorenzo"]
[Black "Bravo, Davide"]
[Result "0-1"]
[WhiteElo "1898"]
[BlackElo "1425"]
[PlyCount "40"]
[EventDate "2007.01.18"]

1. Nf3 c5 2. b3 Nc6 3. Bb2 d6 4. g3 Nf6 5. Bg2 e6 6. O-O Be7 7. d3 O-O 8. c4 a6
9. Nbd2 Rb8 10. e3 b5 11. Qe2 bxc4 12. Nxc4 d5 13. Nce5 Nxe5 14. Nxe5 Bd7 15.
d4 Bb5 16. Qd2 Bxf1 17. Nc6 Qc7 18. Nxe7+ Qxe7 19. Rxf1 cxd4 20. Bxd4 Rfc8 0-1

[Event "XXIV Open Eporediese"]
[Site "Ivrea ITA"]
[Date "2007.01.25"]
[Round "2"]
[White "Turino, Luca"]
[Black "Ranieri, Fabrizio"]
[Result "0-1"]
[WhiteElo "1851"]
[BlackElo "2244"]
[PlyCount "24"]
[EventDate "2007.01.18"]

1. e4 e6 2. d4 d5 3. exd5 exd5 4. Bd3 Nc6 5. c3 Bd6 6. Qf3 Nge7 7. Bg5 Be6 8.
Ne2 Qd7 9. h3 O-O-O 10. Nd2 f6 11. Be3 h5 12. O-O-O Bg4 0-1

[Event "XXIV Open Eporediese"]
[Site "Ivrea ITA"]
[Date "2007.02.01"]
[Round "3"]
[White "Bellafiore, Enzo"]
[Black "Crosa, Federico"]
[Result "1-0"]
[WhiteElo "1661"]
[BlackElo "1320"]
[PlyCount "51"]
[EventDate "2007.01.18"]

1. Nf3 c5 2. c4 Nc6 3. Nc3 Nf6 4. d4 cxd4 5. Nxd4 g6 6. g3 Bg7 7. Bg2 O-O 8.
O-O Nxd4 9. Qxd4 d6 10. e4 Qa5 11. Bd2 Qh5 12. Qd3 Bh3 13. Nd5 Bxg2 14. Nxe7+
Kh8 15. Kxg2 Rfe8 16. Nd5 Nxe4 17. Nc7 Ng5 18. Bxg5 Qxg5 19. Nxa8 Rxa8 20. Rad1
Rd8 21. b4 Bf6 22. f4 Qg4 23. Qd5 Qe2+ 24. Rf2 Qe7 25. a4 Rd7 26. c5 1-0

[Event "XXIV Open Eporediese"]
[Site "Ivrea ITA"]
[Date "2007.02.01"]
[Round "3"]
[White "Berlier, Filippo"]
[Black "Razzano, Lorenzo"]
[Result "0-1"]
[WhiteElo "1365"]
[BlackElo "1898"]
[PlyCount "42"]
[EventDate "2007.01.18"]

1. d4 d6 2. c4 e5 3. dxe5 dxe5 4. Qxd8+ Kxd8 5. Nf3 f6 6. Nc3 Be6 7. b3 Nd7 8.
g3 c6 9. Bg2 Kc7 10. O-O Be7 11. Be3 g5 12. Rad1 Nh6 13. Ne1 Nf5 14. Nc2 h5 15.
f4 Nxe3 16. Nxe3 Bc5 17. Rd3 gxf4 18. gxf4 exf4 19. Rxf4 Ne5 20. Ne4 Nxd3 21.
Nxc5 Nxc5 0-1

[Event "XXIV Open Eporediese"]
[Site "Ivrea ITA"]
[Date "2007.02.01"]
[Round "3"]
[White "Bravo, Davide"]
[Black "Turino, Luca"]
[Result "0-1"]
[WhiteElo "1425"]
[BlackElo "1851"]
[PlyCount "54"]
[EventDate "2007.01.18"]

1. e4 c5 2. Nf3 Nc6 3. d4 cxd4 4. Nxd4 g6 5. Nc3 Bg7 6. Be3 Nf6 7. f3 d6 8. Bb5
Bd7 9. Qd2 h5 10. O-O-O Ne5 11. Qe2 a6 12. Bc4 Nxc4 13. Qxc4 Rc8 14. Qd3 O-O
15. Bg5 Qa5 16. Kb1 Qxg5 17. Rd2 Rc7 18. h4 Qa5 19. Nde2 b5 20. Nf4 Be6 21.
Nxe6 fxe6 22. Rhd1 Nd7 23. e5 Nxe5 24. Qe3 Rf6 25. Ne4 Rf5 26. Ng5 Rxg5 27.
hxg5 Kh7 0-1

[Event "XXIV Open Eporediese"]
[Site "Ivrea ITA"]
[Date "2007.02.01"]
[Round "3"]
[White "Caresana, Alessandro"]
[Black "Castaldo, Folco"]
[Result "0-1"]
[WhiteElo "1996"]
[BlackElo "2330"]
[PlyCount "70"]
[EventDate "2007.01.18"]

1. e4 c5 2. Nf3 d6 3. d4 cxd4 4. Qxd4 Nf6 5. Bg5 Nc6 6. Bb5 Qa5+ 7. Nc3 Qxb5 8.
Nxb5 Nxd4 9. Nfxd4 Nxe4 10. Nc7+ Kd8 11. Nxa8 Nxg5 12. O-O-O Bd7 13. Rd3 e5 14.
Nb3 Be7 15. f3 Ne6 16. Na5 Nc5 17. Rc3 b6 18. b4 bxa5 19. bxc5 d5 20. c6 Bb4
21. c7+ Kc8 22. Rd3 d4 23. f4 Bf5 24. Rb3 Be6 25. Rd3 Bc4 26. Rg3 exf4 27. Rxg7
Kb7 28. a4 h6 29. c3 Bxc3 30. Kc2 Rxa8 31. Rb1+ Kxc7 32. Rg4 Re8 33. Rxf4 Re2+
34. Kd1 Rxg2 35. h4 Bd3 0-1

[Event "XXIV Open Eporediese"]
[Site "Ivrea ITA"]
[Date "2007.02.01"]
[Round "3"]
[White "Perrone, Davide"]
[Black "Barocelli, Carlo"]
[Result "1-0"]
[WhiteElo "1512"]
[BlackElo "1655"]
[PlyCount "55"]
[EventDate "2007.01.18"]

1. e4 d5 2. exd5 Qxd5 3. Nc3 Qa5 4. Nf3 Nf6 5. d3 c6 6. Bg5 Bg4 7. Bxf6 exf6 8.
Be2 Bb4 9. Qd2 O-O 10. O-O Re8 11. Rfe1 Nd7 12. Nd4 Be6 13. Nb3 Qb6 14. a3 Bd6
15. Ne4 Bc7 16. Bd1 Re7 17. c4 a6 18. Bc2 Rd8 19. d4 Ree8 20. Qc3 Qa7 21. Rad1
Qb8 22. g3 Nb6 23. Nbd2 Nd7 24. b3 Bg4 25. Nf3 Bh5 26. Qd3 Ne5 27. Nxe5 Bxd1
28. Nxf6+ 1-0

[Event "XXIV Open Eporediese"]
[Site "Ivrea ITA"]
[Date "2007.02.01"]
[Round "3"]
[White "Ranieri, Fabrizio"]
[Black "Paonessa, Denis"]
[Result "1-0"]
[WhiteElo "2244"]
[BlackElo "1817"]
[PlyCount "117"]
[EventDate "2007.01.18"]

1. e4 Nf6 2. e5 Nd5 3. d4 d6 4. Nf3 Bg4 5. Be2 c6 6. O-O Bxf3 7. Bxf3 dxe5 8.
dxe5 e6 9. a3 Nd7 10. c4 Ne7 11. Qe2 Ng6 12. Bh5 Ndxe5 13. Rd1 Qc7 14. f4 Nd7
15. f5 Bc5+ 16. Kh1 O-O-O 17. fxe6 fxe6 18. Nc3 Qe5 19. Ne4 Nf6 20. Rxd8+ Rxd8
21. Nxc5 Nxh5 22. Be3 Nhf4 23. Qf2 Nd3 24. Nxd3 Rxd3 25. Bxa7 Qd6 26. Re1 Rd1
27. h3 c5 28. Rxd1 Qxd1+ 29. Kh2 Qd6+ 30. g3 b6 31. Qg2 Qc7 32. Qa8+ Kd7 33.
Bb8 Qd8 34. Qb7+ Ke8 35. Qc6+ Qd7 36. Qg2 Ne7 37. Be5 Nc6 38. Bxg7 e5 39. Qd5
Kd8 40. Bf6+ Kc8 41. h4 h5 42. Qg8+ Kb7 43. Qg7 Qxg7 44. Bxg7 Nd4 45. Kg2 e4
46. Bh6 Nf5 47. Bf4 Kc6 48. Kf2 b5 49. cxb5+ Kxb5 50. Ke2 Kc4 51. g4 hxg4 52.
h5 g3 53. h6 g2 54. Kf2 Ne7 55. Kxg2 Ng6 56. Be3 Kd5 57. a4 Kd6 58. h7 Kc7 59.
Bxc5 1-0

[Event "XXIV Open Eporediese"]
[Site "Ivrea ITA"]
[Date "2007.02.01"]
[Round "3"]
[White "Trotto, Pierangelo"]
[Black "Brosio, Antonino"]
[Result "0-1"]
[WhiteElo "1885"]
[BlackElo "1595"]
[PlyCount "40"]
[EventDate "2007.01.18"]

1. e4 d5 2. exd5 Qxd5 3. d4 c6 4. Nf3 Bg4 5. Be2 Qa5+ 6. Qd2 Qc7 7. O-O Nf6 8.
c4 e6 9. Nc3 Be7 10. Ne5 Bxe2 11. Nxe2 Nbd7 12. f4 Ne4 13. Qc2 f5 14. Kh1 Ndf6
15. Be3 O-O 16. Rad1 Bd6 17. a3 Bxe5 18. dxe5 Ng4 19. Bg1 Qf7 20. Nc3 Ng3+ 0-1

[Event "XXIV Open Eporediese"]
[Site "Ivrea ITA"]
[Date "2007.02.08"]
[Round "4"]
[White "Brosio, Antonino"]
[Black "Perrone, Davide"]
[Result "0-1"]
[WhiteElo "1595"]
[BlackElo "1512"]
[PlyCount "30"]
[EventDate "2007.01.18"]

1. e4 c5 2. Nf3 Nc6 3. Bb5 g6 4. d4 Bg7 5. Bxc6 bxc6 6. O-O cxd4 7. Nxd4 Qb6 8.
c3 Qc7 9. Nd2 h5 10. N2f3 h4 11. Ng5 f6 12. Nh3 c5 13. Qg4 cxd4 14. Qxg6+ Kf8
15. Bf4 e5 0-1

[Event "XXIV Open Eporediese"]
[Site "Ivrea ITA"]
[Date "2007.02.08"]
[Round "4"]
[White "Castaldo, Folco"]
[Black "Ranieri, Fabrizio"]
[Result "1-0"]
[WhiteElo "2330"]
[BlackElo "2244"]
[PlyCount "61"]
[EventDate "2007.01.18"]

1. d4 d5 2. c4 e6 3. Nf3 Nf6 4. g3 Be7 5. Bg2 O-O 6. O-O dxc4 7. Qc2 a6 8. a4
Nc6 9. Qxc4 Bd7 10. a5 Nb4 11. Bd2 Bb5 12. Qb3 Nbd5 13. Re1 Ne4 14. Nc3 Nxd2
15. Nxd2 Bc6 16. Nc4 Nxc3 17. bxc3 Bxg2 18. Kxg2 Rb8 19. e4 c5 20. Rad1 cxd4
21. cxd4 Qc7 22. Nb6 Rfd8 23. Rc1 Qd6 24. Rc4 h6 25. Re3 Re8 26. Qa4 Rbd8 27.
e5 Qb8 28. Rec3 f6 29. Rc7 fxe5 30. dxe5 Bf8 31. Qe4 1-0

[Event "XXIV Open Eporediese"]
[Site "Ivrea ITA"]
[Date "2007.02.08"]
[Round "4"]
[White "Crosa, Federico"]
[Black "Moratto, Davide"]
[Result "1/2-1/2"]
[WhiteElo "1320"]
[BlackElo "1929"]
[PlyCount "89"]
[EventDate "2007.01.18"]

1. e4 c5 2. Nf3 d6 3. d4 cxd4 4. Nxd4 Nf6 5. Nc3 a6 6. Be3 e5 7. Nf3 Be7 8. Bd3
Ng4 9. Bd2 Qb6 10. O-O Qxb2 11. Nd5 Bd8 12. Bc3 Qa3 13. Bb4 Qa4 14. Bxd6 Qd7
15. Bxe5 Nxe5 16. Nxe5 Qe6 17. Nc4 O-O 18. Rb1 b5 19. Nce3 Nc6 20. c3 Ne5 21.
Bc2 Bb7 22. f4 Nd7 23. f5 Qd6 24. Nf4 Qe7 25. Qd4 Bb6 26. Qd2 Nf6 27. Kh1 Nxe4
28. Bxe4 Qxe4 29. Ned5 Ba7 30. f6 Bxd5 31. Nxd5 Rfd8 32. Ne7+ Kf8 33. fxg7+
Kxe7 34. Qg5+ Kd7 35. Rbd1+ Kc7 36. Rxf7+ Kb6 37. Rdf1 Ka5 38. Rxa7 Qd3 39.
Raf7 Qxc3 40. Qe7 Rg8 41. R7f3 Rxg7 42. Qa3+ Qxa3 43. Rxa3+ Kb4 44. Raf3 Rg6
45. Rb3+ 1/2-1/2

[Event "XXIV Open Eporediese"]
[Site "Ivrea ITA"]
[Date "2007.02.15"]
[Round "5"]
[White "Bravo, Davide"]
[Black "Brosio, Antonino"]
[Result "1/2-1/2"]
[WhiteElo "1425"]
[BlackElo "1595"]
[PlyCount "33"]
[EventDate "2007.01.18"]

1. e4 d5 2. exd5 Qxd5 3. Nc3 Qa5 4. Nf3 c6 5. d4 Bg4 6. Be2 e6 7. O-O Nf6 8. h3
Bf5 9. Bd2 Qc7 10. Re1 Be7 11. Nh4 Be4 12. Bc4 Bd5 13. Bxd5 Nxd5 14. Nxd5 cxd5
15. Nf3 Nd7 16. c3 Nf6 17. Bg5 1/2-1/2

[Event "XXIV Open Eporediese"]
[Site "Ivrea ITA"]
[Date "2007.02.15"]
[Round "5"]
[White "Caresana, Alessandro"]
[Black "Bruno, Fabrizio P."]
[Result "1-0"]
[WhiteElo "1996"]
[BlackElo "1957"]
[PlyCount "45"]
[EventDate "2007.01.18"]

1. e4 d6 2. d4 Nf6 3. Nc3 g6 4. Be2 Bg7 5. h4 c5 6. dxc5 Qa5 7. Qd3 Qxc5 8. Be3
Qa5 9. h5 Nc6 10. h6 Bf8 11. O-O-O Bd7 12. a3 Ne5 13. Qd2 O-O-O 14. Nh3 Bxh3
15. Rxh3 Neg4 16. Kb1 Nxe3 17. Qxe3 e6 18. e5 dxe5 19. Rxd8+ Kxd8 20. Qf3 Nd5
21. Nxd5 exd5 22. Qf6+ Ke8 23. Qxe5+ 1-0

[Event "XXIV Open Eporediese"]
[Site "Ivrea ITA"]
[Date "2007.02.15"]
[Round "5"]
[White "Perrone, Davide"]
[Black "Chiarotto, Filippo"]
[Result "0-1"]
[WhiteElo "1512"]
[BlackElo "2056"]
[PlyCount "150"]
[EventDate "2007.01.18"]

1. e4 e6 2. d4 a6 3. Bd3 c5 4. c3 b5 5. Nf3 Bb7 6. Be3 cxd4 7. cxd4 Nf6 8. Nbd2
Be7 9. h3 Nc6 10. Rc1 Qa5 11. Bb1 O-O 12. O-O d6 13. Qe1 Rac8 14. Nb3 Qxe1 15.
Rfxe1 Rfd8 16. Bd2 Re8 17. a3 g6 18. Re3 Bd8 19. Rec3 Bb6 20. Kh1 a5 21. Bg5
Kg7 22. Kg1 a4 23. Nbd2 Nxd4 24. Kf1 Nxf3 25. Nxf3 Rxc3 26. Rxc3 Nxe4 27. Bxe4
Bxe4 28. Ke2 Bb7 29. g3 Rc8 30. Rxc8 Bxc8 31. Be7 d5 32. Bb4 f6 33. Ne1 e5 34.
f3 Bxh3 35. Nd3 Be6 36. Nc1 f5 37. Nd3 Kf6 38. Bd6 Bd4 39. Kd2 e4 40. fxe4 dxe4
41. Nf4 Bxb2 42. Bb4 Bc4 43. Ng2 Be5 44. Nf4 g5 45. Ne2 Bxe2 46. Kxe2 Bxg3 47.
Bc3+ Be5 48. Bb4 h5 49. Kf2 h4 50. Kg1 h3 51. Kh1 e3 52. Be1 f4 53. Kh2 g4 54.
Bh4+ Kf5 55. Be1 Ke4 56. Kg1 Kf3 57. Bb4 Bd4 58. Kh1 e2 59. Be1 Bf2 60. Bb4
e1=Q+ 61. Bxe1 Bxe1 62. Kg1 g3 63. Kf1 h2 64. Kxe1 h1=Q+ 65. Kd2 Qg2+ 66. Kc3
Qe2 67. Kb4 Qc4+ 68. Ka5 Ke4 69. Kb6 Kd5 70. Kb7 Kd6 71. Kb6 Qc5+ 72. Kb7 Qc6+
73. Kb8 Qd7 74. Ka8 Kc6 75. Kb8 Qb7# 0-1

[Event "XXIV Open Eporediese"]
[Site "Ivrea ITA"]
[Date "2007.02.15"]
[Round "5"]
[White "Ranieri, Fabrizio"]
[Black "Doppioni, Mauro Dante"]
[Result "1-0"]
[WhiteElo "2244"]
[BlackElo "1611"]
[PlyCount "108"]
[EventDate "2007.01.18"]

1. e4 c5 2. Nf3 g6 3. d4 cxd4 4. Nxd4 Nc6 5. Nc3 Bg7 6. Be3 Nf6 7. Bc4 O-O 8.
Bb3 a5 9. a4 Ng4 10. O-O Nxd4 11. Bxd4 Bxd4 12. Qxd4 d6 13. h3 Nf6 14. f4 Qc7
15. e5 Ne8 16. Rad1 Be6 17. Bxe6 fxe6 18. Nb5 Qc6 19. c3 d5 20. Qd3 Nc7 21. Nd4
Qxa4 22. Qg3 Qd7 23. Qg5 Rf7 24. Qg4 Raf8 25. Kh1 Kh8 26. Ra1 Ra8 27. Nf3 b6
28. Ng5 Rg7 29. Rfd1 b5 30. Rd4 Qc6 31. h4 a4 32. h5 h6 33. Nf3 Rag8 34. hxg6
Rxg6 35. Qh5 Qe8 36. Ng5 Qf8 37. Rg1 Kg7 38. Nf3 Qf5 39. Qh2 Rg4 40. g3 Qg6 41.
Qh3 Kf8 42. Kh2 Ke8 43. Rd2 Kd7 44. Nd4 Qe4 45. Qg2 Qg6 46. Nf3 Qh5+ 47. Qh3
Qg6 48. Nh4 Qg7 49. f5 Qxe5 50. fxe6+ Kd6 51. Nf3 Qe3 52. Qg2 Nxe6 53. Re2 Qd3
54. Ne5 Rh4+ 1-0

[Event "XXIV Open Eporediese"]
[Site "Ivrea ITA"]
[Date "2007.02.15"]
[Round "5"]
[White "Trotto, Pierangelo"]
[Black "Razzano, Lorenzo"]
[Result "0-1"]
[WhiteElo "1885"]
[BlackElo "1898"]
[PlyCount "56"]
[EventDate "2007.01.18"]

1. e4 e5 2. Nf3 Nc6 3. Bb5 a6 4. Bxc6 dxc6 5. O-O Bg4 6. c3 Bc5 7. d3 f6 8. Be3
Bxe3 9. fxe3 Qd7 10. Qc2 c5 11. Na3 Ne7 12. Rad1 Nc6 13. d4 Bxf3 14. gxf3 exd4
15. cxd4 cxd4 16. exd4 O-O 17. Kg2 Kh8 18. d5 Ne5 19. Rc1 Rac8 20. Rfd1 Ng6 21.
Qf2 f5 22. Qg3 fxe4 23. d6 Rxf3 24. Qe1 Nf4+ 25. Kh1 Nd3 26. Rxd3 Rxd3 27. Nc4
cxd6 28. Qxe4 Qc6 0-1

[Event "XXIV Open Eporediese"]
[Site "Ivrea ITA"]
[Date "2007.02.22"]
[Round "6"]
[White "Bruno, Fabrizio P."]
[Black "Perrone, Davide"]
[Result "1-0"]
[WhiteElo "1957"]
[BlackElo "1512"]
[PlyCount "61"]
[EventDate "2007.01.18"]

1. e4 c5 2. Nc3 Nc6 3. f4 e6 4. Nf3 a6 5. a4 Qb6 6. Bc4 d6 7. d3 Bd7 8. O-O Rb8
9. f5 e5 10. Ng5 Nf6 11. Bxf7+ Kd8 12. Be6 Be8 13. Bc4 Kc8 14. a5 Nxa5 15. Na4
Qc7 16. Ne6 Qc6 17. Bd5 Nxd5 18. exd5 Qb5 19. Bd2 b6 20. c4 Qb3 21. Qb1 Bxa4
22. Qe1 Nb7 23. f6 g6 24. f7 a5 25. Nxf8 Nd8 26. Ne6 Nxe6 27. dxe6 Kb7 28. e7
Bc6 29. Bxa5 Qxb2 30. Rf2 Qd4 31. Rb1 1-0

[Event "XXIV Open Eporediese"]
[Site "Ivrea ITA"]
[Date "2007.02.22"]
[Round "6"]
[White "Caresana, Alessandro"]
[Black "Ranieri, Fabrizio"]
[Result "1-0"]
[WhiteElo "1996"]
[BlackElo "2244"]
[PlyCount "72"]
[EventDate "2007.01.18"]

1. e4 e6 2. d4 d5 3. e5 c5 4. c3 Nc6 5. Nf3 cxd4 6. cxd4 Qb6 7. Bd3 Bd7 8. O-O
Nxd4 9. Nxd4 Qxd4 10. Nc3 a6 11. Qe2 Rc8 12. Kh1 Ne7 13. f4 Nc6 14. Be3 Qb4 15.
a3 Qa5 16. Qf2 d4 17. Bxd4 Nxd4 18. Qxd4 Bc5 19. Qe4 Bc6 20. Qe2 Bd4 21. Rac1
O-O 22. Ne4 Rcd8 23. Rxc6 bxc6 24. Rf3 f5 25. Ng5 Rfe8 26. Bc4 Rd5 27. b4 Qa4
28. g4 h6 29. Nxe6 Rxe6 30. gxf5 Re7 31. Rd3 Bb6 32. Qg2 Kh8 33. Bxd5 cxd5 34.
Qxd5 Qc2 35. f6 gxf6 36. Qa8+ Kg7 1-0

[Event "XXIV Open Eporediese"]
[Site "Ivrea ITA"]
[Date "2007.02.22"]
[Round "6"]
[White "Crosa, Federico"]
[Black "Giachino, Adriano"]
[Result "1/2-1/2"]
[WhiteElo "1320"]
[BlackElo "1586"]
[PlyCount "69"]
[EventDate "2007.01.18"]

1. e4 c5 2. Nf3 Nc6 3. d4 cxd4 4. Nxd4 g6 5. Nc3 Bg7 6. Nde2 Nf6 7. Bg5 O-O 8.
Qd2 Re8 9. f3 d6 10. O-O-O a5 11. g4 Be6 12. h4 Qb6 13. h5 Bxa2 14. hxg6 fxg6
15. Nxa2 Nxe4 16. Qd5+ e6 17. Qxe4 Qxb2+ 18. Kd2 Qxa2 19. Ke1 d5 20. Qf4 Rf8
21. Qh2 Rf7 22. Qxh7+ Kf8 23. Qh2 Qxc2 24. Qd6+ Ne7 25. Bh6 Kg8 26. Bxg7 Kxg7
27. Qe5+ Rf6 28. g5 Raf8 29. gxf6+ Rxf6 30. Nf4 Qf5 31. Qxf5 Rxf5 32. Nxe6+ Kf6
33. Nd4 Rf4 34. Kf2 Ke5 35. Nb5 1/2-1/2

[Event "XXIV Open Eporediese"]
[Site "Ivrea ITA"]
[Date "2007.02.22"]
[Round "6"]
[White "Doppioni, Mauro Dante"]
[Black "Bravo, Davide"]
[Result "1/2-1/2"]
[WhiteElo "1611"]
[BlackElo "1425"]
[PlyCount "67"]
[EventDate "2007.01.18"]

1. d4 Nf6 2. Nf3 g6 3. Bf4 Bg7 4. e3 d6 5. h3 O-O 6. Be2 Nbd7 7. O-O Nh5 8. Bh2
Re8 9. c4 e5 10. dxe5 Nxe5 11. Nd4 Nf6 12. Nc3 h5 13. Qc2 Nfd7 14. Ndb5 Nb6 15.
Nd5 Nxd5 16. cxd5 c6 17. dxc6 bxc6 18. Nd4 c5 19. Nf3 Nxf3+ 20. Bxf3 Rb8 21.
Rab1 Rb4 22. Rfe1 Qb6 23. b3 Bd7 24. Rbd1 Be5 25. Bxe5 Rxe5 26. Qd3 Re6 27. Bd5
Rf6 28. Bc4 Qc7 29. e4 Bc6 30. e5 dxe5 31. Qd8+ Qxd8 32. Rxd8+ Kg7 33. Rxe5 a5
34. Rxc5 1/2-1/2

[Event "XXIV Open Eporediese"]
[Site "Ivrea ITA"]
[Date "2007.03.01"]
[Round "7"]
[White "Chiarotto, Filippo"]
[Black "Caresana, Alessandro"]
[Result "0-1"]
[WhiteElo "2056"]
[BlackElo "1996"]
[PlyCount "58"]
[EventDate "2007.01.18"]

1. e4 c5 2. Nc3 Nc6 3. Nge2 Nf6 4. g3 g6 5. Bg2 Bg7 6. O-O O-O 7. d3 d6 8. h3
Rb8 9. g4 b5 10. Ng3 b4 11. Nce2 Bb7 12. f4 Qc7 13. g5 Nd7 14. h4 Nd4 15. h5
Nxe2+ 16. Qxe2 c4 17. Be3 cxd3 18. cxd3 Ba6 19. Qd2 Nc5 20. Rfc1 Qd7 21. Bf1
Na4 22. Rab1 b3 23. axb3 Rxb3 24. f5 Rfb8 25. hxg6 hxg6 26. Qa5 Bxd3 27. Rc7
Qd8 28. Rxa7 Qxa5 29. Rxa5 Bxb1 0-1

[Event "XXIV Open Eporediese"]
[Site "Ivrea ITA"]
[Date "2007.03.01"]
[Round "7"]
[White "Ranieri, Fabrizio"]
[Black "Razzano, Lorenzo"]
[Result "1-0"]
[WhiteElo "2244"]
[BlackElo "1898"]
[PlyCount "37"]
[EventDate "2007.01.18"]

1. e4 e5 2. d4 exd4 3. Nf3 Nc6 4. Bc4 Nf6 5. O-O d5 6. exd5 Nxd5 7. Nxd4 Be7 8.
Re1 Na5 9. Bxd5 Qxd5 10. Nc3 Qd8 11. Qe2 c5 12. Bg5 f6 13. Nd5 cxd4 14. Nxe7
Kf7 15. Bd2 g6 16. Nxc8 Rxc8 17. Bxa5 Qxa5 18. Qe7+ Kg8 19. Qxf6 1-0

[Event "XXIV Open Eporediese"]
[Site "Ivrea ITA"]
[Date "2007.03.08"]
[Round "8"]
[White "Aglietti, Graziano"]
[Black "Caresana, Alessandro"]
[Result "1-0"]
[WhiteElo "2054"]
[BlackElo "1996"]
[PlyCount "64"]
[EventDate "2007.01.18"]

1. d4 d5 2. Nc3 Nf6 3. Bg5 e6 4. e4 dxe4 5. Nxe4 Be7 6. Bxf6 Bxf6 7. Nf3 O-O 8.
Nxf6+ Qxf6 9. Bd3 Nc6 10. O-O e5 11. d5 Nd4 12. Nxd4 exd4 13. Re1 Bd7 14. Qh5
g6 15. Qe5 Qxe5 16. Rxe5 Rfe8 17. Rae1 Kf8 18. f4 f6 19. R5e4 Bf5 20. Rxe8+
Rxe8 21. Rd1 Bxd3 22. Rxd3 Re2 23. Rxd4 Rxc2 24. b3 Ke7 25. a4 a5 26. h4 Kd6
27. h5 Rc5 28. f5 gxf5 29. h6 Rxd5 30. Rf4 Ke5 31. Rc4 c5 32. Rc3 Kf4 1-0

[Event "XXIV Open Eporediese"]
[Site "Ivrea ITA"]
[Date "2007.03.08"]
[Round "8"]
[White "Chiarotto, Filippo"]
[Black "Ranieri, Fabrizio"]
[Result "1/2-1/2"]
[WhiteElo "2056"]
[BlackElo "2244"]
[PlyCount "30"]
[EventDate "2007.01.18"]

1. d4 d5 2. c4 e6 3. Nc3 c6 4. Nf3 dxc4 5. a4 Bb4 6. e4 Nf6 7. Qc2 b5 8. Bg5 h6
9. Bxf6 Qxf6 10. e5 Qg6 11. Qxg6 fxg6 12. Be2 O-O 13. O-O Bxc3 14. bxc3 a6 15.
Nd2 Ra7 1/2-1/2

[Event "XXIV Open Eporediese"]
[Site "Ivrea ITA"]
[Date "2007.03.15"]
[Round "9"]
[White "Ranieri, Fabrizio"]
[Black "Aglietti, Graziano"]
[Result "1-0"]
[WhiteElo "2244"]
[BlackElo "2054"]
[PlyCount "73"]
[EventDate "2007.01.18"]

1. e4 e5 2. Nf3 Nf6 3. Nxe5 d6 4. Nf3 Nxe4 5. d4 d5 6. Bd3 Be7 7. O-O O-O 8. c4
c6 9. Re1 Bb4 10. Nbd2 Bg4 11. Qb3 Bxd2 12. Nxd2 Nxf2 13. Kxf2 Qh4+ 14. Kf1
Qxh2 15. Be2 Re8 16. Nf3 Qg3 17. Bd2 Nd7 18. Ne5 Bxe2+ 19. Rxe2 Qh2 20. Rae1
Nf6 21. Qh3 Qxh3 22. gxh3 Ne4 23. Bf4 g5 24. Bh2 f5 25. cxd5 cxd5 26. Rc2 h5
27. Rc7 g4 28. Kg2 Ng5 29. hxg4 hxg4 30. Rf1 Ne6 31. Rxb7 Nxd4 32. Rd1 Nc2 33.
Rh1 Ne3+ 34. Kf2 d4 35. Bf4 Rac8 36. Rhh7 Rc2+ 37. Kg3 1-0

[Event "Weekend Accademia A Inverno"]
[Site "Roma ITA"]
[Date "2007.02.02"]
[Round "1"]
[White "Barth, Norbert"]
[Black "Giorni, Moreno"]
[Result "1/2-1/2"]
[WhiteElo "2259"]
[BlackElo "1946"]
[PlyCount "89"]
[EventDate "2007.02.02"]

1. e4 c6 2. d4 d5 3. exd5 cxd5 4. c4 Nf6 5. Nc3 e6 6. Nf3 Be7 7. cxd5 Nxd5 8.
Bc4 Nc6 9. O-O O-O 10. Re1 Bf6 11. Ne4 b6 12. a3 Bb7 13. Qd3 h6 14. Bd2 Rc8 15.
Rad1 Nce7 16. Ba2 Nf5 17. Bb1 Re8 18. Ng3 Nxg3 19. hxg3 a5 20. Ne5 Kf8 21. Qh7
Ke7 22. Qe4 Rc7 23. Qg4 Kf8 24. Bd3 Ne7 25. Bf4 Nd5 26. Bc1 Ne7 27. Bf4 Nd5 28.
Bb5 Nxf4 29. gxf4 Ree7 30. f5 Qd5 31. Bf1 Rc2 32. fxe6 Rxe6 33. Ng6+ fxg6 34.
Qxe6 Qxe6 35. Rxe6 Rxb2 36. Bd3 Bd5 37. Re2 Rxe2 38. Bxe2 Ke7 39. Bb5 Kd6 40.
f3 Bb3 41. Rd3 a4 42. Be8 g5 43. Kf2 Bc4 44. Rd1 Bb3 45. Rd3 1/2-1/2

[Event "Weekend Accademia A Inverno"]
[Site "Roma ITA"]
[Date "2007.02.02"]
[Round "1"]
[White "Buratti, Marco"]
[Black "Gatta, Flavio"]
[Result "1-0"]
[WhiteElo "2073"]
[BlackElo "1837"]
[PlyCount "35"]
[EventDate "2007.02.02"]

1. e4 c5 2. Nc3 Nc6 3. Bc4 e6 4. d3 g6 5. Nge2 Bg7 6. O-O Nge7 7. Bg5 a6 8. a4
O-O 9. Qd2 Qc7 10. h4 Re8 11. h5 Ne5 12. Ba2 Kh8 13. h6 Bf8 14. Bf6+ Kg8 15.
Qg5 d6 16. Nf4 N7c6 17. Nfd5 exd5 18. Nxd5 1-0

[Event "Weekend Accademia A Inverno"]
[Site "Roma ITA"]
[Date "2007.02.02"]
[Round "1"]
[White "Campomori, Bruno"]
[Black "Iacoacci, Giancarlo"]
[Result "1-0"]
[WhiteElo "2027"]
[BlackElo "1796"]
[PlyCount "59"]
[EventDate "2007.02.02"]

1. e4 c6 2. d4 d5 3. e5 c5 4. c3 e6 5. Bd3 Nc6 6. Nf3 cxd4 7. cxd4 Bb4+ 8. Nc3
Qb6 9. O-O h6 10. Be3 Bxc3 11. bxc3 Bd7 12. Nd2 Qc7 13. c4 Nge7 14. Qg4 g6 15.
Qg3 Nb4 16. Be2 Nc2 17. Rac1 Nf5 18. Qh3 Ncxd4 19. Bxd4 Nxd4 20. Bg4 Qxe5 21.
cxd5 Qxd5 22. Rfe1 Rc8 23. Rcd1 Ba4 24. Ne4 Kf8 25. Qa3+ Kg7 26. Qxa4 Rc4 27.
Qxa7 f5 28. Nd2 fxg4 29. Nxc4 Ne2+ 30. Kf1 1-0